| 000 | 00905nam0a22002531 4500 | ||
|---|---|---|---|
| 001 | rc\911744 | ||
| 005 | 20041129094752.3 | ||
| 035 | _a(NLR Aleph) 006086413 | ||
| 090 |
_a5127065 _c5127065 |
||
| 100 | _a20041129d1984 u |0rusy50 ca | ||
| 101 | 0 | _arus | |
| 102 | _aRU | ||
| 105 | _aa ||||||||| | ||
| 200 | 1 | _aПрименение, классификация и тенденции развития абразивной обработки ферромагнитными порошками | |
| 210 |
_aКиев _cИПМ _d1984 |
||
| 215 |
_a65 с. _cсхем. _d21 |
||
| 225 | 1 |
_aПрепринт _fАН УССР, Ин-т пробл. материаловедения _v№ 1 |
|
| 320 | _aБиблиогр.: с. 61-65 | ||
| 700 | 1 |
_aОликер _bВ. Е. _gВалерий Ефимович |
|
| 801 | 0 |
_aRU _bNLR _gpsbo |
|
| 801 | 1 |
_aRU _bELAR _2rusmarc |
|
| 852 |
_aNLR _j84-4/19528 |
||
| 942 | _cBOOK | ||
| 980 | _aNB | ||